| 000 | 00548nam a2200169 a 4500 | ||
|---|---|---|---|
| 001 | 000004838 | ||
| 005 | 20200929151521.0 | ||
| 008 | 090727s2003 dr a 001 0 spa d | ||
| 040 |
_aDO-SdBNP _bspa _cBNPHU |
||
| 082 |
_axxx _bM671m |
||
| 100 | 1 |
_aMirabal, Nisdean S. _d1974 _914040 |
|
| 245 | 1 | 0 |
_aEn medio de la maldad : _buna mano ha sido cortada...por completo / _cNisdean S. Mirabal. |
| 260 |
_aSanto Domingo, _c2003. |
||
| 300 |
_a81 p. : _bil ; _c22 cm. |
||
| 500 | _aIncluye tabla de contenido | ||
| 700 | 1 |
_aPérez Reyes, Ramón, _eprólogo _914041 |
|
| 999 |
_c4644 _d4644 |
||